000 00669nam a22001817a 4500
005 20180814141729.0
010 _aENG-123727
020 _a9780199091690
_c1495.00
035 _aEN-107259
037 _bDBAD/PUB
082 _a494.0840922
245 _aFriendships of 'largeness and freedom' Andrews, Tagore, and Gndhi :
_ced. by Uma Das Gupta
_ban epistolary account, 1912-1940 /
260 _c2018
_aNew Delhi
_bOxford University Press
270 _aYMCA Library Building, 1 Jai Singh Road,
_bNew Delhi
_e110001
300 _c24cm(pbk)
_axc,502p.
500 _aIt include appendix, bibliography and index
942 _cEN
_2ddc
_mFRI
_h954.0840922
999 _c155898
_d155898